000 00741nam a2200181Ia 4500
008 151202s9999||||xx |||||||||||||| ||und||
082 _bPNVM-64923
100 _a"भाकरे बाळ, भुजबळ चंद्रकांत."
245 _aआदर्श आचारसंहिता.
260 _b"अविष्कार प्रकाशन,पुणे."
260 _c2007
300 _a80
600 _a"भाकरे बाळ, भुजबळ चंद्रकांत."
630 _aआदर्श आचारसंहिता.
700 _a"भाकरे बाळ, भुजबळ चंद्रकांत."
730 _aआदर्श आचारसंहिता.
942 _cBOOK
999 _c1331456
_d1331453